Istorija krest'janstva Rossii v XX veke izbrannyje trudy Čast' 2

Bibliographic Details
Main Author: Danilov, Viktor Petrovič (Author)
Other Authors: Vylcan, M.A (Compiler), Danilova, L.V (Compiler), Danilova, Je.V (Compiler)
Format: Book
Language:Russian
PhysicalDescription:831 s. 24 cm
Published: Moskva Rosspen 2011
ISBN:9785824316094
Subjects:

MARC

LEADER 00000nam a2200000 a 4500
001 vtls010441253
003 SK-MaSNL
005 20260301135052.0
008 240318s2011 ru f n 000 0 rus
020 |a 9785824316094  |q (viaz.) 
040 |a SNK  |b slo  |c SNK  |e AACR2 
041 0 |a rus 
044 |a ru  |c RU 
072 7 |a 27  |x Kresťanstvo. Kresťanská cirkev všeobecne. Ekleziológia  |2 konspekt 
080 |a 27(091)  |2 2001 
080 |a (470+571)  |2 2001 
080 |a (082)  |2 2001 
100 1 |a Danilov, Viktor Petrovič  |4 aut  |9 341495 
245 1 0 |a Istorija krest'janstva Rossii v XX veke  |b izbrannyje trudy  |n Čast' 2  |c sostaviteli: Vylcan M.A., Danilova L.V., Danilova, Je.V. 
260 |a Moskva  |b Rosspen  |c 2011 
300 |a 831 s.  |c 24 cm 
500 |a Rozlož. tit. str. 
504 |a Bibliogr. s. 810-831 ; bibliogr. odkazy 
648 7 |a 20. stor.  |2 SNKPH  |9 275975 
650 0 7 |a dejiny kresťanstva  |2 SNKPH  |9 82542 
650 0 7 |a History of Christianity  |2 SNKPHeng  |9 275484 
655 7 |a zborníky  |2 SNKPH  |9 70165 
655 7 |a Miscellanea  |2 SNKPHeng  |9 265155 
700 1 |a Vylcan, M.A.  |4 red  |4 com  |9 489875 
700 1 |a Danilova, L.V.  |4 red  |4 com  |9 341496 
700 1 |a Danilova, Je.V.  |4 red  |4 com  |9 341497 
919 |a 978-5-8243-1609-4 
999 |c 758985  |d 760915 
952 |a SNK  |b SNK  |y VYP  |7 0  |p 17A1050037  |o snkIC 140287/2  |i snk2012/18806  |8 2  |g 16.15  |0 0  |1 0  |4 0  |d 2012-08-08  |l 0  |r 2026-02-23 23:59:15  |w 2026-02-23